Missing Word: A-Z Movies Quiz Stats

Quiz Updated Sep 26, 2016

Challenge
Share
Tweet
Embed
Score 0/26 Timer 03:00
9 Plays Today
Movie Missing Word A-Z % Correct
My ___ Friend's WeddingBest
98.6%
Sweet Home ___Alabama
98.5%
Beverly ___ CopHills
97.3%
Freaky ___Friday
96.8%
___ the ParentsMeet
96.2%
The 40 Year Old ___Virgin
95.5%
Gone in Sixty ___Seconds
94.3%
The Dark ___Knight
92.7%
Tomorrow Never ___Dies
90.5%
___ Weapon 4Lethal
90.4%
___ DundeeCrocodile
89.5%
Look ___ TalkingWho's
89.4%
Tropic ___Thunder
85.2%
Movie Missing Word A-Z % Correct
___ HourRush
84.7%
___ of the StateEnemy
76.4%
___: The Last StandX-Men
75.4%
___ SiegeUnder
74.7%
The ___ JobItalian
74.5%
Two Weeks ___Notice
65.8%
An ___ and a GentlemanOfficer
64.2%
Double ___Jeopardy
64%
Road to ___Perdition
58.4%
___ EinsteinYoung
56.9%
The ___ and the DeadQuick
48.8%
On ___ PondGolden
48.2%
___ EffectZero
30.6%

Today's Daily Dose

You're not logged in!

Compare scores with friends on all Sporcle quizzes.
Sign Up with Email
OR
Log In

You Might Also Like...

Show Comments

Extras

Top Quizzes Today


Score Distribution

Your Account Isn't Verified!

In order to create a playlist on Sporcle, you need to verify the email address you used during registration. Go to your Sporcle Settings to finish the process.